[Event "DVM U20w 2019"]
[Site "Braunschweig GER"]
[Date "2019.12.27"]
[Round "1"]
[White "Schmidt, Pauline"]
[Black "Hartmann, Cora"]
[Result "0-1"]
[Termination "normal"]
[Board "6.2"]
[WhiteElo "1628"]
[BlackElo "1842"]
[WhiteClock "00:00:47"]
[BlackClock "00:04:20"]
[WhiteTeam "SG Blau-Weiß Stadtilm"]
[BlackTeam "SC Borussia Lichtenberg"]
[PlyCount "80"]
[WhiteFideId "16209850"]
[BlackFideId "16200764"]
[EventCountry "GER"]
[EventRounds "7"]
[EventType "team-swiss"]
[EventDate "2019.12.26"]

1. e4 {[%clk 1:30:57]} d5 {[%clk 1:30:59]} 2. exd5 {[%clk 1:31:20]} Qxd5 {[%clk
1:31:27]} 3. Nc3 {[%clk 1:31:40]} Qa5 {[%clk 1:31:51]} 4. d4 {[%clk 1:32:03]}
c6 {[%clk 1:32:16]} 5. Bc4 {[%clk 1:32:23]} Nf6 {[%clk 1:32:40]} 6. Qe2 {[%clk
1:32:26]} Bf5 {[%clk 1:28:00]} 7. Bd2 {[%clk 1:28:44]} Qb6 {[%clk 1:24:32]} 8.
O-O-O {[%clk 1:26:42]} e6 {[%clk 1:20:37]} 9. Be3 {[%clk 1:16:52]} Nd5 {[%clk
1:14:18]} 10. Nxd5 {[%clk 1:09:30]} cxd5 {[%clk 1:14:19]} 11. Bb3 {[%clk
1:09:47]} Be7 {[%clk 1:10:21]} 12. g4 {[%clk 1:07:26]} Be4 {[%clk 1:08:35]} 13.
f3 {[%clk 1:07:42]} Bg6 {[%clk 1:08:58]} 14. Nh3 {[%clk 1:02:04]} Nc6 {[%clk
1:03:59]} 15. Nf4 {[%clk 0:58:32]} a5 {[%clk 0:53:06]} 16. Nxg6 {[%clk
0:54:34]} hxg6 {[%clk 0:53:06]} 17. a3 {[%clk 0:54:24]} a4 {[%clk 0:51:46]} 18.
Ba2 {[%clk 0:54:45]} Na5 {[%clk 0:48:29]} 19. Rd3 {[%clk 0:45:11]} Qa6 {[%clk
0:40:47]} 20. Qd2 {[%clk 0:38:32]} b5 {[%clk 0:34:56]} 21. Qd1 {[%clk 0:25:25]}
b4 {[%clk 0:29:05]} 22. axb4 {[%clk 0:22:21]} Bxb4 {[%clk 0:27:02]} 23. Bd2
{[%clk 0:16:19]} Nb3+ {[%clk 0:15:03]} 24. Bxb3 {[%clk 0:11:31]} Bxd2+ {[%clk
0:14:15]} 25. Kxd2 {[%clk 0:11:30]} axb3 {[%clk 0:14:01]} 26. Rxb3 {[%clk
0:11:35]} Qd6 {[%clk 0:11:41]} 27. Qe2 {[%clk 0:09:11]} Qf4+ {[%clk 0:12:02]}
28. Kd3 {[%clk 0:09:25]} Rh3 {[%clk 0:12:17]} 29. Qd1 {[%clk 0:05:27]} Rxf3+
{[%clk 0:11:32]} 30. Ke2 {[%clk 0:05:52]} Qe4+ {[%clk 0:10:15]} 31. Kd2 {[%clk
0:05:29]} Qxd4+ {[%clk 0:10:43]} 32. Rd3 {[%clk 0:03:22]} Rxd3+ {[%clk
0:10:45]} 33. cxd3 {[%clk 0:03:48]} Qxb2+ {[%clk 0:11:07]} 34. Qc2 {[%clk
0:03:18]} Qxc2+ {[%clk 0:10:42]} 35. Kxc2 {[%clk 0:03:43]} Ra3 {[%clk 0:07:43]}
36. h3 {[%clk 0:02:21]} Ke7 {[%clk 0:06:04]} 37. g5 {[%clk 0:00:59]} e5 {[%clk
0:05:41]} 38. h4 {[%clk 0:01:09]} Ke6 {[%clk 0:04:58]} 39. Rf1 {[%clk 0:00:45]}
Ra2+ {[%clk 0:04:05]} 40. Kc3 {[%clk 0:00:47]} Rh2 {[%clk 0:04:20]} 0-1

[Event "DVM U20w 2019"]
[Site "Braunschweig GER"]
[Date "2019.12.27"]
[Round "1"]
[White "de Veer, Mara"]
[Black "Stephan, Lia"]
[Result "1/2-1/2"]
[Termination "normal"]
[Board "6.3"]
[WhiteElo "1447"]
[BlackElo "1232"]
[WhiteClock "00:21:20"]
[BlackClock "00:29:35"]
[WhiteTeam "SC Borussia Lichtenberg"]
[BlackTeam "SG Blau-Weiß Stadtilm"]
[PlyCount "89"]
[WhiteFideId "16217349"]
[BlackFideId "16230116"]
[EventCountry "GER"]
[EventRounds "7"]
[EventType "team-swiss"]
[EventDate "2019.12.26"]

1. e4 e5 2. Nf3 Nc6 3. Bc4 Bc5 4. d3 h6 5. c3 Nf6 6. Bb3 d6 7. O-O a6 8. Nbd2
{[%clk 1:27:31]} Be6 {[%clk 1:11:55]} 9. Bc2 {[%clk 1:27:29]} Qd7 {[%clk
1:10:28]} 10. h3 {[%clk 1:18:41]} O-O-O {[%clk 0:58:26]} 11. b4 {[%clk
1:18:41]} Ba7 {[%clk 0:58:26]} 12. Bb3 {[%clk 1:16:41]} Rdg8 {[%clk 0:56:14]}
13. Bxe6 Qxe6 {[%clk 0:53:10]} 14. a4 {[%clk 1:15:00]} g5 {[%clk 0:52:02]} 15.
Nh2 {[%clk 1:01:32]} h5 16. Nc4 {[%clk 0:40:45]} g4 {[%clk 0:32:23]} 17. hxg4
{[%clk 0:40:04]} hxg4 {[%clk 0:32:01]} 18. g3 {[%clk 0:39:33]} Rg7 {[%clk
0:20:58]} 19. Kg2 {[%clk 0:38:57]} Rgh7 {[%clk 0:18:50]} 20. Rh1 {[%clk
0:37:53]} d5 {[%clk 0:13:06]} 21. Ne3 {[%clk 0:28:25]} Bxe3 {[%clk 0:11:43]}
22. Bxe3 {[%clk 0:28:24]} Rg8 {[%clk 0:11:07]} 23. b5 {[%clk 0:26:15]} Nb8
{[%clk 0:10:54]} 24. bxa6 {[%clk 0:24:54]} Nxa6 {[%clk 0:11:09]} 25. Rb1 {[%clk
0:20:29]} Qc6 {[%clk 0:09:46]} 26. d4 {[%clk 0:11:18]} Nxe4 {[%clk 0:08:13]}
27. Rc1 {[%clk 0:07:25]} exd4 {[%clk 0:06:40]} 28. Bxd4 {[%clk 0:04:57]} f5
{[%clk 0:05:57]} 29. Qd3 {[%clk 0:02:11]} Nac5 {[%clk 0:04:46]} 30. Bxc5 {[%clk
0:02:01]} Qxc5 {[%clk 0:04:43]} 31. Qe2 {[%clk 0:00:56]} Rf7 {[%clk 0:04:40]}
32. f3 {[%clk 0:00:40]} gxf3+ {[%clk 0:03:55]} 33. Nxf3 {[%clk 0:00:48]} Rxg3+
{[%clk 0:04:18]} 34. Kf1 {[%clk 0:01:06]} Rfg7 {[%clk 0:02:23]} 35. Rh8+ {[%clk
0:01:07]} Kd7 {[%clk 0:02:45]} 36. Rh1 {[%clk 0:01:27]} Rg2 {[%clk 0:02:32]}
37. Qb5+ Kd6 38. Rh6+ {[%clk 0:01:02]} R7g6 {[%clk 0:02:46]} 39. Rxg6+ {[%clk
0:00:43]} Rxg6 {[%clk 0:03:15]} 40. Qxc5+ {[%clk 0:00:42]} Nxc5 {[%clk
0:03:23]} 41. Nd4 {[%clk 0:00:56]} Kd7 {[%clk 0:03:26]} 42. a5 {[%clk 0:00:33]}
Ra6 {[%clk 0:02:50]} 43. Rd1 {[%clk 0:29:15]} Ne4 {[%clk 0:32:27]} 44. c4
{[%clk 0:21:20]} Rxa5 {[%clk 0:29:35]} 45. Nxf5 *

[Event "DVM U20w 2019"]
[Site "Braunschweig GER"]
[Date "2019.12.27"]
[Round "1"]
[White "Wilhelm, Anna-Lena"]
[Black "Relógio Stauber, Anna"]
[Result "1/2-1/2"]
[Termination "normal"]
[Board "6.4"]
[WhiteElo "1291"]
[BlackElo "1396"]
[WhiteClock "00:02:40"]
[BlackClock "00:44:13"]
[WhiteTeam "SG Blau-Weiß Stadtilm"]
[BlackTeam "SC Borussia Lichtenberg"]
[PlyCount "67"]
[WhiteFideId "16230094"]
[BlackFideId "16255771"]
[EventCountry "GER"]
[EventRounds "7"]
[EventType "team-swiss"]
[EventDate "2019.12.26"]

1. e4 c6 {[%clk 1:31:19]} 2. d4 {[%clk 1:31:19]} d5 {[%clk 1:31:19]} 3. Nc3
{[%clk 1:31:19]} dxe4 {[%clk 1:31:19]} 4. Nxe4 {[%clk 1:31:19]} Bf5 {[%clk
1:31:19]} 5. Ng3 {[%clk 1:31:19]} Bg6 {[%clk 1:32:08]} 6. h4 {[%clk 1:32:36]}
h6 {[%clk 1:31:05]} 7. Nh3 {[%clk 1:32:41]} Nf6 8. Nf4 {[%clk 1:32:06]} Bh7
{[%clk 1:30:49]} 9. c3 {[%clk 1:14:43]} e6 {[%clk 1:29:27]} 10. Bc4 {[%clk
1:14:43]} Bd6 {[%clk 1:25:48]} 11. Qe2 {[%clk 1:12:19]} Qe7 {[%clk 1:21:50]}
12. Ngh5 {[%clk 0:59:14]} O-O {[%clk 1:14:52]} 13. g4 {[%clk 0:33:32]} Bxf4
{[%clk 1:10:51]} 14. Bxf4 {[%clk 0:31:31]} Nxh5 {[%clk 1:08:39]} 15. gxh5
{[%clk 0:23:38]} Nd7 16. Rg1 {[%clk 0:20:06]} Kh8 {[%clk 1:06:30]} 17. O-O-O
Qxh4 {[%clk 1:04:46]} 18. Qe3 {[%clk 0:17:59]} Qxh5 {[%clk 1:02:23]} 19. Be2
Qf5 20. Bd3 {[%clk 0:15:53]} Qf6 {[%clk 1:00:54]} 21. Rh1 {[%clk 0:11:44]} Bxd3
{[%clk 0:56:57]} 22. Rxd3 Kh7 {[%clk 0:56:00]} 23. Rdd1 {[%clk 0:07:31]} Rh8
{[%clk 0:54:43]} 24. Rdg1 Nf8 {[%clk 0:52:27]} 25. Be5 {[%clk 0:05:08]} Qg6 26.
Rxg6 {[%clk 0:04:30]} Nxg6 {[%clk 0:48:38]} 27. Qf3 {[%clk 0:04:02]} Nxe5
{[%clk 0:48:49]} 28. dxe5 {[%clk 0:04:32]} Kg8 {[%clk 0:48:11]} 29. Rg1 {[%clk
0:04:50]} Kf8 {[%clk 0:47:16]} 30. Qe3 {[%clk 0:04:48]} b6 {[%clk 0:46:34]} 31.
Qe4 {[%clk 0:04:50]} Rc8 {[%clk 0:46:07]} 32. Rd1 {[%clk 0:04:03]} Ke7 {[%clk
0:45:19]} 33. Qg4 {[%clk 0:02:40]} Rhg8 {[%clk 0:44:13]} 34. f4 {[%clk
0:02:40]} 1/2-1/2

[Event "DVM U20w 2019"]
[Site "Braunschweig GER"]
[Date "2019.12.27"]
[Round "1"]
[White "Biermann, Sophie"]
[Black "Doll, Rebecca"]
[Result "0-1"]
[Termination "normal"]
[Board "7.1"]
[WhiteElo "1645"]
[BlackElo "1659"]
[WhiteClock "00:18:42"]
[BlackClock "00:29:44"]
[WhiteTeam "SG Trier"]
[BlackTeam "OSG Baden-Baden"]
[PlyCount "83"]
[WhiteFideId "16208960"]
[BlackFideId "16236890"]
[EventCountry "GER"]
[EventRounds "7"]
[EventType "team-swiss"]
[EventDate "2019.12.26"]

1. e4 {[%clk 1:30:53]} e5 {[%clk 1:30:55]} 2. Nf3 {[%clk 1:31:13]} Nc6 {[%clk
1:31:19]} 3. Bb5 {[%clk 1:31:26]} a6 {[%clk 1:31:43]} 4. Ba4 {[%clk 1:31:47]}
d6 {[%clk 1:31:10]} 5. d3 {[%clk 1:27:36]} Bd7 {[%clk 1:30:42]} 6. Be3 {[%clk
1:26:08]} Nge7 {[%clk 1:28:58]} 7. d4 {[%clk 1:10:33]} Ng6 {[%clk 1:28:26]} 8.
c3 {[%clk 0:59:51]} Be7 {[%clk 1:27:06]} 9. O-O {[%clk 0:57:39]} h6 {[%clk
1:26:34]} 10. Nbd2 {[%clk 0:56:35]} Bg5 {[%clk 1:19:30]} 11. Re1 {[%clk
0:51:34]} Bxe3 {[%clk 1:13:18]} 12. Rxe3 {[%clk 0:49:18]} O-O {[%clk 1:08:42]}
13. h3 {[%clk 0:42:02]} Qf6 {[%clk 0:55:52]} 14. Nf1 {[%clk 0:38:16]} Rad8
{[%clk 0:53:46]} 15. Ng3 {[%clk 0:35:56]} Nf4 {[%clk 0:48:18]} 16. Bc2 {[%clk
0:23:25]} g6 {[%clk 0:34:35]} 17. Qd2 {[%clk 0:22:55]} Kg7 {[%clk 0:27:32]} 18.
Rd1 {[%clk 0:22:37]} Na5 {[%clk 0:19:37]} 19. b3 {[%clk 0:18:28]} c5 {[%clk
0:14:48]} 20. d5 {[%clk 0:17:01]} b5 {[%clk 0:14:54]} 21. c4 {[%clk 0:16:07]}
Nb7 {[%clk 0:15:08]} 22. Bd3 {[%clk 0:14:00]} Ra8 {[%clk 0:11:13]} 23. Nh2
{[%clk 0:12:46]} Ra7 {[%clk 0:08:21]} 24. Rf3 {[%clk 0:12:28]} Qg5 {[%clk
0:08:03]} 25. Be2 {[%clk 0:08:46]} h5 {[%clk 0:05:37]} 26. Re3 {[%clk 0:06:26]}
Rfa8 {[%clk 0:04:36]} 27. Nf3 {[%clk 0:06:07]} Qf6 {[%clk 0:04:45]} 28. h4
{[%clk 0:05:48]} Nxe2+ {[%clk 0:02:24]} 29. Qxe2 {[%clk 0:05:57]} b4 {[%clk
0:02:20]} 30. Ng5 {[%clk 0:05:30]} Bg4 {[%clk 0:02:41]} 31. f3 {[%clk 0:05:38]}
Bd7 {[%clk 0:03:05]} 32. Rf1 {[%clk 0:05:31]} Qf4 {[%clk 0:03:14]} 33. Qf2
{[%clk 0:05:39]} a5 {[%clk 0:02:38]} 34. Ne2 {[%clk 0:05:47]} Qf6 {[%clk
0:02:52]} 35. f4 {[%clk 0:05:39]} exf4 {[%clk 0:03:04]} 36. Nxf4 {[%clk
0:05:07]} Kg8 {[%clk 0:02:13]} 37. Rf3 {[%clk 0:01:18]} Qd4 {[%clk 0:01:22]}
38. Qxd4 {[%clk 0:01:17]} cxd4 {[%clk 0:01:48]} 39. Rd3 {[%clk 0:00:59]} Nc5
{[%clk 0:01:29]} 40. Rxd4 {[%clk 0:01:04]} a4 {[%clk 0:01:41]} 41. Rf3 {[%clk
0:21:59]} Bg4 {[%clk 0:29:44]} 42. Re3 {[%clk 0:18:42]} *

[Event "DVM U20w 2019"]
[Site "Braunschweig GER"]
[Date "2019.12.27"]
[Round "1"]
[White "Visvikis, Kassandra"]
[Black "La, Quynh Trang"]
[Result "1/2-1/2"]
[Termination "normal"]
[Board "7.2"]
[WhiteElo "1568"]
[BlackElo "1436"]
[WhiteClock "00:27:10"]
[BlackClock "00:29:56"]
[WhiteTeam "OSG Baden-Baden"]
[BlackTeam "SG Trier"]
[PlyCount "100"]
[WhiteFideId "36052167"]
[BlackFideId "16275276"]
[EventCountry "GER"]
[EventRounds "7"]
[EventType "team-swiss"]
[EventDate "2019.12.26"]

1. e4 {[%clk 1:30:59]} e6 {[%clk 1:30:54]} 2. d4 {[%clk 1:31:26]} d5 {[%clk
1:31:18]} 3. Nd2 {[%clk 1:31:43]} Nf6 {[%clk 1:31:42]} 4. exd5 {[%clk 1:31:41]}
exd5 {[%clk 1:31:52]} 5. Ngf3 {[%clk 1:32:03]} Bd6 {[%clk 1:31:38]} 6. Bd3
{[%clk 1:32:23]} Bg4 {[%clk 1:29:00]} 7. O-O {[%clk 1:31:36]} O-O {[%clk
1:28:50]} 8. c3 {[%clk 1:31:48]} c6 {[%clk 1:28:42]} 9. Qc2 {[%clk 1:30:31]}
Qc7 {[%clk 1:27:35]} 10. h3 {[%clk 1:28:19]} Bh5 {[%clk 1:27:00]} 11. Re1
{[%clk 1:27:21]} Nbd7 {[%clk 1:25:45]} 12. b3 {[%clk 1:16:34]} Rfe8 {[%clk
1:21:19]} 13. Bb2 {[%clk 1:16:45]} Rac8 {[%clk 1:16:41]} 14. Rac1 {[%clk
0:55:30]} c5 {[%clk 1:08:12]} 15. dxc5 {[%clk 0:49:00]} Bxc5 {[%clk 1:05:50]}
16. Rxe8+ {[%clk 0:43:35]} Rxe8 {[%clk 1:06:03]} 17. c4 {[%clk 0:41:48]} Qb6
{[%clk 0:36:55]} 18. Rf1 {[%clk 0:38:22]} d4 {[%clk 0:23:02]} 19. Ba1 {[%clk
0:25:55]} Ne5 {[%clk 0:18:18]} 20. Nxe5 {[%clk 0:25:24]} Rxe5 {[%clk 0:18:37]}
21. f4 {[%clk 0:25:41]} Re8 {[%clk 0:13:49]} 22. g4 {[%clk 0:26:02]} Qe6 {[%clk
0:09:42]} 23. Nf3 {[%clk 0:15:54]} Qe3+ {[%clk 0:08:00]} 24. Kg2 {[%clk
0:16:05]} Bxg4 {[%clk 0:06:42]} 25. hxg4 {[%clk 0:16:31]} Qxf4 {[%clk 0:06:23]}
26. Nh2 {[%clk 0:11:49]} Qe3 {[%clk 0:03:38]} 27. Qd1 {[%clk 0:11:27]} Bd6
{[%clk 0:03:12]} 28. Qf3 {[%clk 0:11:38]} Qh6 {[%clk 0:02:47]} 29. Qh3 {[%clk
0:10:35]} Qd2+ {[%clk 0:01:18]} 30. Rf2 {[%clk 0:11:00]} Qg5 {[%clk 0:01:04]}
31. Bxd4 {[%clk 0:10:34]} h6 {[%clk 0:00:38]} 32. Bxf6 {[%clk 0:10:34]} gxf6
{[%clk 0:01:02]} 33. Qf3 {[%clk 0:10:08]} Re3 {[%clk 0:01:25]} 34. Qf5 {[%clk
0:09:24]} Rg3+ {[%clk 0:01:48]} 35. Kh1 {[%clk 0:08:34]} Qc1+ {[%clk 0:01:07]}
36. Bf1 {[%clk 0:08:42]} Rh3 {[%clk 0:00:45]} 37. Qxf6 {[%clk 0:07:04]} Rxh2+
{[%clk 0:00:34]} 38. Rxh2 {[%clk 0:07:29]} Bxh2 {[%clk 0:00:41]} 39. Kxh2
{[%clk 0:07:55]} Qd2+ {[%clk 0:00:45]} 40. Kg1 {[%clk 0:08:05]} Qxa2 41. Qxh6
{[%clk 0:07:34]} Qxb3 {[%clk 0:00:53]} 42. Qg5+ {[%clk 0:07:55]} Kf8 {[%clk
0:01:04]} 43. Qd8+ {[%clk 0:07:47]} Kg7 {[%clk 0:01:24]} 44. Qd4+ {[%clk
0:07:31]} Kf8 {[%clk 0:01:41]} 45. Qd3 {[%clk 0:06:51]} Qb6+ {[%clk 0:00:52]}
46. Kh2 {[%clk 0:06:18]} Qf2+ {[%clk 0:00:50]} 47. Bg2 {[%clk 0:05:51]} Qf4+
{[%clk 0:01:02]} 48. Kh3 {[%clk 0:04:46]} b6 {[%clk 0:00:39]} 49. Bf3 {[%clk
0:29:19]} Qh6+ {[%clk 0:30:10]} 50. Kg3 {[%clk 0:27:10]} Qg5 {[%clk 0:29:56]} *

[Event "DVM U20w 2019"]
[Site "Braunschweig GER"]
[Date "2019.12.27"]
[Round "1"]
[White "Elenz, Elisa"]
[Black "Nanthivarman, Merymuthu"]
[Result "0-1"]
[Termination "normal"]
[Board "7.3"]
[WhiteElo "1456"]
[BlackElo "1260"]
[WhiteClock "00:32:48"]
[BlackClock "00:30:04"]
[WhiteTeam "SG Trier"]
[BlackTeam "OSG Baden-Baden"]
[PlyCount "104"]
[WhiteFideId "16262492"]
[BlackFideId "16255755"]
[EventCountry "GER"]
[EventRounds "7"]
[EventType "team-swiss"]
[EventDate "2019.12.26"]

1. e4 {[%clk 1:30:56]} c5 {[%clk 1:30:51]} 2. Nc3 {[%clk 1:31:15]} Nc6 {[%clk
1:31:14]} 3. f4 {[%clk 1:31:31]} d6 {[%clk 1:31:09]} 4. Nf3 {[%clk 1:31:28]} g6
{[%clk 1:31:32]} 5. g3 {[%clk 1:30:54]} Bg7 {[%clk 1:31:47]} 6. Bg2 {[%clk
1:30:59]} e5 {[%clk 1:29:35]} 7. d3 {[%clk 1:30:37]} Nf6 {[%clk 1:29:07]} 8.
O-O {[%clk 1:29:48]} O-O {[%clk 1:29:17]} 9. Qe1 {[%clk 1:26:00]} Nd4 {[%clk
1:24:10]} 10. Nxd4 {[%clk 1:24:31]} cxd4 {[%clk 1:24:18]} 11. Ne2 {[%clk
1:24:44]} exf4 {[%clk 1:12:40]} 12. Nxf4 {[%clk 1:23:46]} Rb8 {[%clk 1:09:44]}
13. c3 {[%clk 1:17:08]} dxc3 {[%clk 1:09:44]} 14. bxc3 {[%clk 1:10:33]} Qc7
{[%clk 1:06:59]} 15. Bd2 {[%clk 1:07:55]} b6 {[%clk 1:04:24]} 16. Rc1 {[%clk
0:55:21]} Re8 {[%clk 1:02:35]} 17. Qd1 {[%clk 0:52:06]} Bb7 {[%clk 0:58:51]}
18. Qc2 {[%clk 0:50:00]} b5 {[%clk 0:55:22]} 19. c4 {[%clk 0:40:19]} bxc4
{[%clk 0:55:07]} 20. Qxc4 {[%clk 0:38:49]} Qxc4 {[%clk 0:55:11]} 21. Rxc4
{[%clk 0:39:03]} Nd7 {[%clk 0:51:55]} 22. Nd5 {[%clk 0:27:26]} Ba6 {[%clk
0:47:59]} 23. Rc7 {[%clk 0:16:59]} Bxd3 {[%clk 0:46:05]} 24. Rxd7 {[%clk
0:16:58]} Bxf1 {[%clk 0:46:05]} 25. Kxf1 {[%clk 0:17:16]} Rb1+ {[%clk 0:35:08]}
26. Ke2 {[%clk 0:16:55]} Kf8 {[%clk 0:33:41]} 27. Rxd6 {[%clk 0:11:22]} Rb2
{[%clk 0:33:29]} 28. Nc7 {[%clk 0:08:24]} Rc8 {[%clk 0:28:57]} 29. Nd5 {[%clk
0:07:53]} Rxa2 {[%clk 0:20:12]} 30. Bh3 {[%clk 0:04:33]} Re8 {[%clk 0:18:12]}
31. Bg2 {[%clk 0:04:17]} f5 {[%clk 0:16:03]} 32. Rc6 {[%clk 0:02:39]} fxe4
{[%clk 0:13:21]} 33. Ke3 {[%clk 0:02:08]} Bh6+ {[%clk 0:12:43]} 34. Nf4 {[%clk
0:02:12]} Ra4 {[%clk 0:07:27]} 35. Rf6+ {[%clk 0:02:09]} Kg7 {[%clk 0:07:22]}
36. Bc3 {[%clk 0:02:18]} Kg8 {[%clk 0:07:16]} 37. Bh3 {[%clk 0:01:47]} Bg7
{[%clk 0:04:31]} 38. Be6+ {[%clk 0:01:07]} Rxe6 {[%clk 0:03:15]} 39. Rxe6
{[%clk 0:01:22]} Bxc3 {[%clk 0:03:39]} 40. Rxe4 {[%clk 0:01:06]} Rxe4+ {[%clk
0:03:12]} 41. Kxe4 {[%clk 0:01:25]} Kf7 {[%clk 0:02:54]} 42. Kd3 {[%clk
0:01:08]} Be5 {[%clk 0:01:55]} 43. Ne2 {[%clk 0:01:17]} h5 {[%clk 0:01:15]} 44.
Kc4 {[%clk 0:01:14]} Kf6 {[%clk 0:00:46]} 45. Kd5 {[%clk 0:00:58]} a5 {[%clk
0:28:12]} 46. Nd4 {[%clk 0:31:10]} Bxd4 {[%clk 0:27:52]} 47. Kxd4 {[%clk
0:31:33]} Kf5 {[%clk 0:28:17]} 48. Kc4 {[%clk 0:31:42]} Kg4 {[%clk 0:28:32]}
49. Kb5 {[%clk 0:31:59]} Kh3 {[%clk 0:28:57]} 50. Kxa5 {[%clk 0:32:01]} Kxh2
{[%clk 0:29:22]} 51. Kb4 {[%clk 0:32:24]} Kxg3 {[%clk 0:29:43]} 52. Kc3 {[%clk
0:32:48]} h4 {[%clk 0:30:04]} *

[Event "DVM U20w 2019"]
[Site "Braunschweig GER"]
[Date "2019.12.27"]
[Round "1"]
[White "Thiele, Lea-Marie"]
[Black "Rudolph, Eva"]
[Result "0-1"]
[Termination "normal"]
[Board "8.2"]
[WhiteElo "1061"]
[BlackElo "1711"]
[WhiteTeam "SK Lehrte"]
[BlackTeam "Düsseldorfer Schachklub 14/25 e. V."]
[WhiteFideId "16298616"]
[BlackFideId "16200594"]
[EventCountry "GER"]
[EventRounds "7"]
[EventType "team-swiss"]
[EventDate "2019.12.26"]

1. d4 d5 2. c4 e6 3. Bf4 Nf6 4. Nf3 Be7
5. e3 O-O 6. Nc3 a6 7. cxd5 exd5 8. Bd3 c6
9. Bc2 Re8 10. Qd3 Nbd7 11. Ng5 g6 12. h4 Nh5
13. Ne2 Nxf4 14. Nxf4 Bxg5 15. hxg5 Qxg5 16. g3 Nf6
17. O-O-O Bf5 18. Qd2 Rac8 19. Nd3 Bg4 20. f4 Qf5
21. Rde1 Qe6 22. Nc5 Qe7 23. Rh4 b6 24. Nd3 c5
25. dxc5 Bf5 26. Kb1 bxc5 27. Ne5 Bxc2+ 28. Qxc2 d4
29. Qh2 Qf8 30. Rh1 Qg7 31. Ng4 dxe3 32. Nxf6+ Qxf6
33. Rxh7 Kf8 34. Qh6+ Ke7 35. Re1 Kd6 36. Rd1+ Kc7
37. Rc1 e2 38. Rxc5+ Kb6 39. Qh1 e1=Q+ 40. Qxe1 Rxe1+
41. Kc2 Rxc5+ 42. Kb3 Qe6+ 43. Ka3 Qc4 44. b3 Ra5+
45. Kb2 Re2+ 46. Kb1 Qc2+ 47. Ka1 Qxa2# 0-1

[Event "DVM U20w 2019"]
[Site "Braunschweig GER"]
[Date "2019.12.27"]
[Round "1"]
[White "Sokolowski, Judith"]
[Black "Stelter, Finja"]
[Result "1-0"]
[Termination "normal"]
[Board "8.3"]
[WhiteElo "1722"]
[BlackElo "1054"]
[WhiteTeam "Düsseldorfer Schachklub 14/25 e. V."]
[BlackTeam "SK Lehrte"]
[WhiteFideId "16200624"]
[BlackFideId "16298624"]
[EventCountry "GER"]
[EventRounds "7"]
[EventType "team-swiss"]
[EventDate "2019.12.26"]

1. e4 e5 2. Nf3 Nc6 3. d4 exd4 4. Nxd4 Nxd4
5. Qxd4 d6 6. Nc3 Nf6 7. Bf4 g6 8. e5 dxe5
9. Qxd8+ Kxd8 10. O-O-O+ Bd7 11. Bxe5 Bg7 12. Bc4 Re8
13. f4 Re7 14. Nb5 Ne8 15. Rhf1 f6 16. Bc3 a6
17. Nd4 Kc8 18. Bb4 Nd6 19. Bg8 Bh6 20. Kb1 Re8
21. Bxh7 g5 22. fxg5 Bxg5 23. Bxd6 cxd6 24. Bf5 Kc7
25. Bxd7 Kxd7 26. Nf5 Re6 27. h4 Bxh4 28. Nxh4 Rg8
29. Rf2 Re4 30. Nf5 Rge8 31. Rxd6+ Kc7 32. b3 Re2
33. Rd2 Rxd2 34. Rxd2 Re1+ 35. Kb2 Rf1 36. Nd4 f5
37. Kc3 f4 38. Ne6+ Kc6 39. Ng5 b5 40. Kd4 Ra1
41. c3 a5 42. Ke4 a4 43. bxa4 bxa4 44. Kxf4 Kc5
45. Ne4+ Kc4 46. g4 a3 47. g5 Rg1 48. Rd4+ Kb5
49. c4+ Ka5 50. Rd2 Kb4 51. c5 Kb5 52. Rc2 Kc6
53. Rc3 Kb5 54. Rc2 Kc6 55. Rc3 Kd5 56. Rxa3 Ke6
57. c6 Rc1 58. Rc3 Rxc3 59. Nxc3 Kd6 60. g6 Kxc6
61. g7 Kc5 62. g8=Q Kb4 63. Qb3+ Kc5 64. Ke5 Kc6
65. Qb5+ Kc7 66. Nd5+ Kc8 67. Qc6+ Kb8 68. Qc7+ Ka8
69. Nb6# 1-0

[Event "DVM U20w 2019"]
[Site "Braunschweig GER"]
[Date "2019.12.27"]
[Round "1"]
[White "Daoud, Shahnaz"]
[Black "Cerkez, Lorena"]
[Result "0-1"]
[Termination "normal"]
[Board "8.4"]
[WhiteElo "1000"]
[BlackElo "1000"]
[WhiteTeam "SK Lehrte"]
[BlackTeam "Düsseldorfer Schachklub 14/25 e. V."]
[WhiteFideId "16297750"]
[BlackFideId "14418614"]
[EventCountry "GER"]
[EventRounds "7"]
[EventType "team-swiss"]
[EventDate "2019.12.26"]

1. d4 Nf6 2. e3 g6 3. Bd3 d6 4. Nf3 Bg7
5. Nc3 O-O 6. e4 Nfd7 7. Be3 c6 8. Qd2 Qc7
9. Bh6 e5 10. Bxg7 Kxg7 11. d5 c5 12. O-O a6
13. a4 Nf6 14. Nh4 Qd8 15. Be2 Nfd7 16. g3 Nf6
17. Ng2 Bh3 18. f4 Bxg2 19. Kxg2 Nbd7 20. f5 Rh8
21. g4 h6 22. Rh1 gxf5 23. gxf5 Kf8 24. Kf2 Ke7
25. Rag1 Qf8 26. Bf3 Rg8 27. Rxg8 Nxg8 28. Rg1 Ngf6
29. b3 Qh8 30. Ke2 Rg8 31. Rxg8 Nxg8 32. Kd3 Ngf6
33. Ne2 h5 34. h4 Qg7 35. Qg5 Qf8 36. Bxh5 c4+
37. Kxc4 Qc8+ 38. Kd3 Nc5+ 39. Ke3 Nxe4 40. Qg2 Qc5+
41. Kf3 Nd2+ 42. Kg3 Nxh5+ 43. Kg4 Nf6+ 44. Kh3 Qe3+
45. Ng3 Nfe4 46. Kh2 Nxg3 47. Qxg3 Nf1+ 48. Kg2 Qxg3+
49. Kh1 Qxh4+ 50. Kg1 e4 51. Kxf1 e3 52. Ke2 Qf2+
53. Kd1 Qd2# 0-1